Los alcances de juzgar con perspectiva de género / (Registro nro. 6242)
[ vista simple ]
| 000 -LEADER | |
|---|---|
| fixed length control field | 01161nab a22002537a 4500 |
| 003 - CONTROL NUMBER IDENTIFIER | |
| control field | OSt |
| 005 - DATE AND TIME OF LATEST TRANSACTION | |
| control field | 20260127192332.0 |
| 008 - FIXED-LENGTH DATA ELEMENTS--GENERAL INFORMATION | |
| fixed length control field | 190514b xxu||||| |||| 00| 0 spa d |
| 040 ## - CATALOGING SOURCE | |
| Transcribing agency | PJ |
| 100 ## - MAIN ENTRY--PERSONAL NAME | |
| 9 (RLIN) | 6753 |
| Personal name | Romero, María Cecilia |
| 245 13 - TITLE STATEMENT | |
| Title | Los alcances de juzgar con perspectiva de género / |
| Statement of responsibility, etc | María Cecilia Romero. |
| 300 ## - PHYSICAL DESCRIPTION | |
| Extent | p. 130-135 |
| 500 ## - GENERAL NOTE | |
| General note | Cita: TR LALEY AR/DOC/1589/2025. |
| 505 ## - FORMATTED CONTENTS NOTE | |
| Formatted contents note | Sumario: I. Breve síntesis.— II. Situación fáctica y jurídica.— III. La perspectiva de género como punto de partida.— IV. Reflexiones finales. |
| 505 ## - FORMATTED CONTENTS NOTE | |
| Title | Fallo comentado: CCiv. y Com., Necochea ~ 05/03/2025 ~ B. F. G. M. y otros c. B. P. M. s/ daños y perjuicios extracontractual (exc. autom./ estado). |
| 650 #0 - SUBJECT ADDED ENTRY--TOPICAL TERM | |
| 9 (RLIN) | 967 |
| Topical term or geographic name as entry element | DERECHO DE FAMILIA |
| 650 #0 - SUBJECT ADDED ENTRY--TOPICAL TERM | |
| 9 (RLIN) | 217 |
| Topical term or geographic name as entry element | PODER JUDICIAL |
| 650 #0 - SUBJECT ADDED ENTRY--TOPICAL TERM | |
| 9 (RLIN) | 2095 |
| Topical term or geographic name as entry element | SENTENCIA |
| 650 #0 - SUBJECT ADDED ENTRY--TOPICAL TERM | |
| 9 (RLIN) | 4044 |
| Topical term or geographic name as entry element | PERSPECTIVA DE GÉNERO |
| 650 #0 - SUBJECT ADDED ENTRY--TOPICAL TERM | |
| 9 (RLIN) | 3331 |
| Topical term or geographic name as entry element | OBLIGACIONES DEL JUEZ |
| 650 #0 - SUBJECT ADDED ENTRY--TOPICAL TERM | |
| 9 (RLIN) | 1057 |
| Topical term or geographic name as entry element | JURISPRUDENCIA APLICABLE |
| 773 0# - HOST ITEM ENTRY | |
| Host Biblionumber | 2844 |
| Host Itemnumber | 3222 |
| Place, publisher, and date of publication | Buenos Aires : AbeledoPerrot, 1989- |
| Title | Derecho de familia. Revista Interdisciplinaria de doctrina y jurisprudencia. Agosto 2025-IV. |
| International Standard Book Number | 18511201 |
| 942 ## - ADDED ENTRY ELEMENTS (KOHA) | |
| Source of classification or shelving scheme | |
| Koha item type | Analítica Artículo de Revista |
No hay ítems disponibles.
